书目信息 |
| 题名: |
欧洲装潢集粹
|
|
| 作者: | 科茨, 著 ;贾茗葳 译 | |
| 分册: | ||
| 出版信息: | 大连 大连理工大学出版社 2005.05 |
|
| 页数: | 197页 | |
| 开本: | 26×26cm | |
| 丛书名: | ||
| 单 册: | ||
| 中图分类: | TU38 | |
| 科图分类: | ||
| 主题词: | 室内设计--shi nei she ji | |
| 电子资源: | ||
| ISBN: | 7-5611-2859-2 | |
| 000 | 00936nam0 2200241 450 | |
| 001 | 012006773145 | |
| 005 | 20060906110815.15 | |
| 010 | @a7-5611-2859-2@b精装@dCNY168.00 | |
| 100 | @a20060610d2005 km y0chiy0120 ea | |
| 101 | 1 | @achi@ceng |
| 102 | @aCN@b210000 | |
| 105 | @aa z 000yy | |
| 200 | 1 | @a欧洲装潢集粹@Aou zhou zhuang huang ji cui@d= New Interior Design Collidoscope@f(英) 奈杰尔·科茨著@F(ying)nai jie er·ke ci zhu@g贾茗葳译@Gjia ming wei yi@zeng |
| 210 | @a大连@c大连理工大学出版社@d2005.05 | |
| 215 | @a197页@c图@d26×26cm | |
| 330 | @a本书收录了世界上三十多位一流设计师的作品,并对店铺、居室、画廊和宾馆、展览大厅等现代室内设计进行了展示和分析。 | |
| 510 | 1 | @aNew Interior Design Collidoscope@zeng |
| 606 | 0 | @a室内设计@Ashi nei she ji |
| 690 | @aTU38@v4 | |
| 701 | 1 | @a科茨,@Ake ci,@bN.@g(Nigel, Coates)@4著 |
| 702 | 0 | @a贾茗葳@Ajia ming wei@4译 |
| 801 | 0 | @aCN@bQSSK@c20060906 |
| 905 | @a10447@dTU38@eK483 | |
| 欧洲装潢集粹= New Interior Design Collidoscope/(英) 奈杰尔·科茨著/贾茗葳译.-大连:大连理工大学出版社,2005.05 |
| 197页:图;26×26cm |
| ISBN 7-5611-2859-2(精装):CNY168.00 |
| 本书收录了世界上三十多位一流设计师的作品,并对店铺、居室、画廊和宾馆、展览大厅等现代室内设计进行了展示和分析。 |
| ● |
| 相关链接 |
|
|
|
正题名:欧洲装潢集粹
索取号:TU38/K483
 
预约/预借
| 序号 | 登录号 | 条形码 | 馆藏地/架位号 | 状态 | 备注 |
| 1 | 584903 | 205849037 | 建筑库101/101建筑库 89排2列2层/ [索取号:TU38/K483] | 在馆 |